Ιστορία της έρευνας του βίου του Ιησού
Αποθηκεύτηκε σε:
| Κύριος συγγραφέας: | |
|---|---|
| Άλλοι συγγραφείς: | |
| Μορφή: | Βιβλίο |
| Γλώσσα: | Greek German |
| Δημοσίευση: |
Αθήνα :
Κέντρο Βιβλικών Μελετών "Άρτος Ζωής",
1982.
|
| Σειρά: | Βασικές αγιογραφικές μελέτες ;
5 |
| Θέματα: | |
| Ετικέτες: |
Προσθήκη ετικέτας
Δεν υπάρχουν, Καταχωρήστε ετικέτα πρώτοι!
|
MARC
| LEADER | 00000cam a2200000 i 4500 | ||
|---|---|---|---|
| 001 | 1/21199 | ||
| 008 | 051223s1982 gr | ||| |||| ||gre|| | ||
| 035 | |l 10081816 | ||
| 040 | |a GR-MyUa |b gre |e AACR2 | ||
| 041 | 1 | |a gre |h ger | |
| 082 | 7 | |a 232.908 |2 (22) | |
| 100 | 1 | |a Schweitzer, Albert, |d 1875-1965. | |
| 245 | 1 | 0 | |a Ιστορία της έρευνας του βίου του Ιησού / |c Albert Schweitzer. |
| 260 | |a Αθήνα : |b Κέντρο Βιβλικών Μελετών "Άρτος Ζωής", |c 1982. | ||
| 300 | |a 517 σ. ; |c 24 εκ. | ||
| 490 | 1 | |a (Βασικές αγιογραφικές μελέτες ; |v 5) | |
| 500 | |a Τίτλος πρωτοτύπου: Geschichte der Leben-Jesu-Forschung. | ||
| 600 | 0 | 7 | |2 nlgaf |a Ιησούς Χριστός |x Biography |x History and criticism. |
| 600 | 0 | 7 | |2 nlgaf |a Ιησούς Χριστός |x Historicity. |
| 700 | 1 | |a Στογιάννος, Βασίλειος Π. |e edt | |
| 830 | 0 | |a Βασικές αγιογραφικές μελέτες ; |v 5 | |
| 852 | |a INST |b RHODES |c KRI |e 20051223 |h 232.908 SCH |p 005400028436 |q 005400028436 |t BK |y 0 | ||
| 901 | |a BIBL4-2005-3 | ||
| 922 | |a 4ΕΛΗ | ||
| 970 | |a Κόζα |b Μαρία |z 23/12/2005 | ||